Star Wars Video Games - Statistics

General Stats
  • This quiz has been taken 91 times
    29 since last reset
  • The average score is 18 of 105
Answer Stats
Year Platforms Game % Correct
2023 PC / Playstation 5 / XBOX Series X / Playstation 4 / XBOX One Jedi: Survivor
75%
2004 PC / Mac / Playstation 2/ XBOX Battlefront
71%
2016 PC / Playstation 4 / XBOX One Battlefront
71%
2005 PC / Playstation 2 / PSP / XBOX Battlefront II
63%
2017 PC / Playstation 4 / XBOX One Battlefront II
63%
2018 PC / Playstation 4 / XBOX One Jedi: Fallen Order
63%
2005 Playstation 2 / PC / XBOX / Mac / Game Cube / Game Boy Advance LEGO Star Wars: The Video Game
58%
1983 DOS / Mac / Apple II / Amstrad CPC / Atari ST / Atari 2600 / Colecovision Atari 5200 / Atari 8-bit family / Amiga / Commodore 64 / Arcade / ZX Spectrum / BBC Micro / Acorn Electron Star Wars
58%
1987 NES Star Wars
58%
1991 Game Boy / NES / Sega Game Gear / Sega Master System Star Wars
58%
1992 Game Boy Star Wars
58%
2003 PC / Mac / XBOX Knights of the old Republic
50%
2024 PC / Playstation 5 / XBOX Series X Star Wars: Outlaws
50%
2008 Playstation 2 / Playstation 3 / PSP / XBOX 360 / Nintendo DS / Nintendo Wii The Force Unleashed
50%
2010 PC / Playstation 3 / XBOX 360 / PSP / Nintendo Wii The Force Unleashed II
46%
2020 PC / Playstation 4 / XBOX One Squadrons
42%
2002 Playstation 2 / Game Cube Bounty Hunter
38%
2007 Playstation 3 / XBOX 360 / Nintendo DS / Nintendo WII LEGO Star Wars: The Complete Saga
38%
2022 PC / Playstation 5 / XBOX Series X / Switch / Playstation 4 / XBOX One LEGO Star Wars : The Skywalker Saga
38%
2005 Playstation 2 / PSP / PC / XBOX / Game Boy Advance / Nintendo DS Star Wars Episode III: Revenge of the Sith
38%
2002 Game Boy Advance Star Wars Episode II: Attack of the Clones
33%
2011 PC The Old Republic
33%
1999 Playstation / PC Star Wars Episode I: The Phantom Menace
29%
1993 Mac / MS DOS X-Wing
29%
1998 PC / Nintendo 64 Rogue Squadron
25%
1984 DOS / Amstrad CPC / Atari ST / Amiga / Commodore 64 / Arcade / ZX Spectrum Star Wars : Return of the Jedi
25%
1982 Atari 2600 / Intellevision Star Wars : The Empire Strikes Back
25%
1985 Amstrad CPC / Atari ST / Amiga / Commodore 64 / Arcade / ZX Spectrum Star Wars : The Empire Strikes Back
25%
1992 Game Boy / NES Star Wars : The Empire Strikes Back
25%
2006 PC / Mac Empire at War
21%
2011 PC / Playstation 3 / XBOX 360 / PSP / Nintendo Wii LEGO Star Wars III : The Clone Wars
21%
2006 Playstation 2 / PSP / PC / XBOX / XBOX 360 / Mac / Game Boy Advance / Nintendo DS / Game Cube LEGO Star Wars II: The Original Trilogy
21%
2016 PC / Playstation 4 / Playstation 3 / XBOX One / XBOX 360 / PS Vita / Nintendo Wii U / Nintendo 3DS LEGO Star Wars : The Force Awakens
21%
2002 Playstation 2 / XBOX / Nintendo Game Cube The Clone Wars
21%
1994 PC / Mac Tie Fighter
21%
1995 Playstation / Mac / MS-DOS Dark Forces
17%
2004 PC / XBOX Knights of the old Republic II: The Sith Lords
17%
2001 Playstation 2 / PC / XBOX Starfighter
17%
1997 PC / Mac X-Wing vs. Tie Fighter
17%
2015 PC / Mac / Playstation 4 / Playstation 3 / XBOX One / OBOX 360 / Nintendo Wii U / Nintendo Wii / Nintendo 3DS Disney Infinity 3.0
13%
2003 PC / Mac / XBOX / Game Cube Jedi Knight: Jedi Academy
13%
2000 Playstation / Game Boy Advance / Dreamcast Jedi Power Battle
13%
1999 Playstation / PC / Mac / Game Boy Color / Nintendo 64 / Dreamcast Racer
13%
2005 PC / XBOX Republic Commando
13%
2001 Game Cube Rogue Squadron II: Rogue Leader
13%
1996 PC / Nintendo 64 Shadows of the Empire
13%
1992 Super NES Super Star Wars
13%
1997 PC / Game Boy Color Yoda Stories
13%
2012 PC / Playstation 4 / Playstation 3 / XBOX 360 / PS Vita / Nintendo Wii / Nintendo Wii U / Nintendo 3DS Angry Birds Star Wars
8%
2009 PSP / Nintendo DS Battlefront: Elite Squadron
8%
2003 Game Boy Advance Flight of the Falcon
8%
2001 PC / Mac Galactic Battlegrounds
8%
1997 PC Jedi Knight: Dark Forces II
8%
2002 PC / Mac / XBOX / Game Cube Jedi Knight II: Jedi Outcast
8%
2012 XBOX 360 Kinect Star Wars
8%
1997 Playstation Masters of Teras Kasi
8%
2001 PC / XBOX Obi-Wan
8%
1993 PC / Mac / 3DO / Sega CD (Mega CD) Rebel Assault
8%
1995 Playstation / PC / Mac Rebel Assault II: The Hidden Empire
8%
2003 Game Cube Rogue Squadron III: Rebel Strike
8%
1994 Genesis (Mega Drive) / Arcade Star Wars Arcade
8%
1994 Super NES / Game Boy / Sega Game Gear Super Star Wars: Return of the Jedi
8%
1993 Super NES Super Star Wars: The Empire Strikes Back
8%
2007 PSP Battlefront: Renegade Squadron
4%
1999 PC / Mac Droidworks
4%
1983 Atari 2600 Jedi Arena
4%
2002 Playstation 2 / XBOX Jedi Starfighter
4%
2006 PSP / Nintendo DS Lethal Alliance
4%
1998 PC Rebellion
4%
2015 Arcade Star Wars : Battle Pod
4%
1994 PC / DOS / Sega CD (Mega CD) Star Wars Chess
4%
2023 Switch Star Wars Hunters
4%
2001 Playstation 2 Super Bombad Racing
4%
2009 Playstation 2 / Playstation 3 / PSP / PC / XBOX 360 / Nintendo DS / Nintendo Wii The Clone Wars: Republic Heroes
4%
2002 Game Boy Advance The New Droid Army
4%
2018 Oculus / Playstation VR Vader Immortal
4%
1999 PC / Mac X-Wing Alliance
4%
2000 PC / Mac Anakin's Speedway: Build and Drive
0%
2000 PC / Nintendo 64 Battle for Naboo
0%
1998 PC / Mac Behind the Magic
0%
2000 Playstation / Dreamcast Demolition
0%
1988 Amstrad CPC / ZX Spectrum / Commodore 64 Droids
0%
2000 PC / Mac Early Learning Activity Center
0%
2000 PC Force Commander
0%
1999 PC / Mac Jar Jar's Journey Adventure Book
0%
2008 Leapster Jedi Math
0%
2000 PC / Mac Math: Jabba's Game Galaxy
0%
1997 PC Monopoly Star Wars Edition
0%
2000 Game Boy Color Obi-Wan's Adventures
0%
1999 PC / Mac Pit Droids
0%
2000 Arcade Racer Arcade
0%
2002 Playstation 2 Racer Revenge
0%
1984 Atari 2600 / Atari 5200 / Atari 8-bit Computer / ZX Spectrum Return of the Jedi: Death Star Battle
0%
2003 Arcade Starfighter Arcade
0%
2010 PC Star Wars : Clone Wars Adventures
0%
2005 PC Star Wars Episode III: Revenge of the Sith: Activity Center
0%
2003 PC Star wars Galaxies
0%
2008 PC / Mac Star Wars Galaxies : Trading Card Game
0%
2004 Game Boy Advance Star Wars Trilogy : Apprentice of the Force
0%
1982 Atari 2600 / Intellevision The Battle of Alderaan (Star Strike)
0%
2008 Nintendo DS The Clone Wars: Jedi Alliance
0%
2008 Nintendo Wii The Clone Wars: Lightsaber Duels
0%
1999 PC / Mac The Gungan Frontier
0%
1998 Arcade Trilogy Arcade
0%
1999 PC / Mac Yoda's Challenge: Activity Center
0%
No matching quizzes found
Score Distribution
Percent of People with Each Score
Percentile by Number Answered
Your Score History
You have not taken this quiz since the last reset